| 000 | 00392nam a22001337a 4500 | ||
|---|---|---|---|
| 008 | 240220b |||||||| |||| 00| 0 eng d | ||
| 020 | _a9788490567494 | ||
| 082 |
_aA-N _bRANP |
||
| 100 |
_aRankin, Ian _eautor _942243 |
||
| 245 |
_aPerros Salvajes / _cIan Rankin; traducido por Efrén del Valle |
||
| 260 |
_aBarcelona: _bRBA libros, _c2016 |
||
| 300 |
_a438 páginas; _c22 cm. |
||
| 942 | _2ddc | ||
| 999 |
_c30645 _d17029 |
||